Catorce enfoques de la psicopatología / (Record no. 206208)
[ view plain ]
| 000 -CABECERA | |
|---|---|
| campo de control de longitud fija | 00766nam a2200253 a 4500 |
| 003 - IDENTIFICADOR DEL NÚMERO DE CONTROL | |
| campo de control | MX-MxUPN |
| 005 - FECHA Y HORA DE LA ÚLTIMA TRANSACCIÓN | |
| campo de control | 20221014063944.0 |
| 008 - ELEMENTOS DE LONGITUD FIJA--INFORMACIÓN GENERAL | |
| campo de control de longitud fija | 191120s1994 mx r 000 0 spa d |
| 020 ## - NÚMERO INTERNACIONAL NORMALIZADO PARA LIBROS | |
| Número Internacional Estándar del Libro | 9681641485 |
| 035 ## - NÚMERO DE CONTROL DEL SISTEMA | |
| Número de control de sistema | UPN01000234113 |
| 040 ## - FUENTE DE LA CATALOGACIÓN | |
| Centro catalogador/agencia de origen | MX-MxUPN |
| Lengua de catalogación | spa |
| Centro/agencia transcriptor | MX-MxUPN |
| 041 1# - CÓDIGO DE IDIOMA | |
| Código de lengua del texto/banda sonora o título independiente | spa |
| Código de lengua original | ita |
| 050 #4 - SIGNATURA TOPOGRÁFICA DE LA BIBLIOTECA DEL CONGRESO | |
| Número de clasificación | RC454.4 |
| Número de documento/Ítem | I6.518 |
| 100 1# - ASIENTO PRINCIPAL--NOMBRE PERSONAL | |
| Nombre de persona | Ionescu, Serban |
| 9 (RLIN) | 43754 |
| 240 10 - TÍTULO UNIFORME | |
| Título uniforme | [Quatorze approches de la psychopathologie. |
| Lenguaje de la obra | Español] |
| 245 10 - MENCIÓN DE TÍTULO | |
| Título | Catorce enfoques de la psicopatología / |
| Mención de responsabilidad, etc. | Serban Ionescu ; tr. María Antonia Neira Bigorra. |
| 250 ## - MENCIÓN DE EDICIÓN | |
| Mención de edición | Primera edición. |
| 260 ## - PUBLICACIÓN, DISTRIBUCIÓN, ETC. | |
| Lugar de publicación, distribución, etc. | México, D.F. : |
| Nombre del editor, distribuidor, etc. | FCE, |
| Fecha de publicación, distribución, etc. | 1994. |
| 300 ## - DESCRIPCIÓN FÍSICA | |
| Extensión | 446 páginas |
| 490 0# - MENCIÓN DE SERIE | |
| Mención de serie | Breviarios ; |
| Designación de volumen o secuencia | 527 |
| 650 #7 - ASIENTO SECUNDARIO DE MATERIA - TERMINO TEMATICO | |
| Término de materia o nombre geográfico como elemento de entrada | Psicopatología |
| Fuente del encabezamiento o término | |
| 9 (RLIN) | 45619 |
| 905 ## - TIPO DE MATERIAL | |
| Tipo de material | Libro |
| Estado de retiro | Estado de pérdida | Fuente del sistema de clasificación o colocación | Estado dañado | No para préstamo | Código de colección | Localización permanente | Ubicación/localización actual | Ubicación en estantería | Fecha de adquisición | Clasificación | Código de barras | Fecha visto por última vez | Tipo de ítem Koha |
|---|---|---|---|---|---|---|---|---|---|---|---|---|---|
| Library of Congress Classification | Colección General | Bib. Gregorio Torres Quintero | Bib. Gregorio Torres Quintero | Planta baja | 22/02/2022 | RC454.4 I6.518 | 334125 | 31/12/2020 | Libro |
